000 00388nam a2200157Ia 4500
008 230524s9999 xx 000 0 und d
082 _a612
_bMUK
100 _aKanai L.Mukherjee
_923701
245 0 _aMedical Laboratory Technology Vol-I
250 _a1ST
260 _aNEW DELHI
_bTMH
_c2004
300 _aXI;474
500 _aQuantity Number: 1
650 _aBiomedical
942 _cBK
999 _c35244
_d35244